<?xml version="1.0" encoding="UTF-8"?>
<collection xmlns="http://www.loc.gov/MARC21/slim">
<record>
  <controlfield tag="001">60863</controlfield>
  <controlfield tag="005">20230728141553.0</controlfield>
  <datafield tag="024" ind1="8" ind2=" ">
    <subfield code="2">sideral</subfield>
    <subfield code="a">98289</subfield>
  </datafield>
  <datafield tag="037" ind1=" " ind2=" ">
    <subfield code="a">ART-2017-98289</subfield>
  </datafield>
  <datafield tag="041" ind1=" " ind2=" ">
    <subfield code="a">spa</subfield>
  </datafield>
  <datafield tag="100" ind1=" " ind2=" ">
    <subfield code="a">Horno Chéliz, María del Carmen</subfield>
    <subfield code="u">Universidad de Zaragoza</subfield>
    <subfield code="0">(orcid)0000-0001-9499-4015</subfield>
  </datafield>
  <datafield tag="245" ind1=" " ind2=" ">
    <subfield code="a">Verbos dinámicos en estructuras estativas. Un estudio de corpus comparado: de las reseñas de arquitectura a las de cata de vino</subfield>
  </datafield>
  <datafield tag="260" ind1=" " ind2=" ">
    <subfield code="c">2017</subfield>
  </datafield>
  <datafield tag="506" ind1="0" ind2=" ">
    <subfield code="a">Access copy available to the general public</subfield>
    <subfield code="f">Unrestricted</subfield>
  </datafield>
  <datafield tag="520" ind1="3" ind2=" ">
    <subfield code="a">El objeto de estudio de este trabajo son los procesos sintácticos implicados en la estativización de verbos de movimiento en el denominado Movimiento Ficticio en dos corpus diferentes: uno de reseñas de arquitectura y otro de reseñas de vino. Como resultado de la investigación se han encontrado tanto mecanismos sintáctico-semánticos comunes en ambos corpus (procesos de debilitamiento o de borrado de rasgos), como distintivos y diferenciales (la relación de ensamble con el camino o la interpretación de los rasgos borrados). De este modo, este trabajo trata de ser complementario a otros estudios sobre el movimiento ficticio en español.

This work analyses the syntactic processes underlying the stativization of Figurative motion utterances drawn from two different corpora: one containing architectural reviews and the other, wine tasting notes. Results show that certain mechanisms such as weakness and delete processes are found in both corpora, whereas others such as internal merge with path and the interpretation of feature deletion are particular to only one of them. Therefore, this approach provides a complementary explanation to previous studies on figurative motion in Spanish.</subfield>
  </datafield>
  <datafield tag="536" ind1=" " ind2=" ">
    <subfield code="9">info:eu-repo/grantAgreement/ES/MINECO/FFI2010-14903</subfield>
    <subfield code="9">info:eu-repo/grantAgreement/ES/MINECO/FFI2013-45553-C3-1-P</subfield>
  </datafield>
  <datafield tag="540" ind1=" " ind2=" ">
    <subfield code="9">info:eu-repo/semantics/openAccess</subfield>
    <subfield code="a">by</subfield>
    <subfield code="u">http://creativecommons.org/licenses/by/3.0/es/</subfield>
  </datafield>
  <datafield tag="655" ind1=" " ind2="4">
    <subfield code="a">info:eu-repo/semantics/article</subfield>
    <subfield code="v">info:eu-repo/semantics/publishedVersion</subfield>
  </datafield>
  <datafield tag="710" ind1="2" ind2=" ">
    <subfield code="1">3010</subfield>
    <subfield code="2">575</subfield>
    <subfield code="a">Universidad de Zaragoza</subfield>
    <subfield code="b">Dpto. Lingüíst. Gral. e Hisp.</subfield>
    <subfield code="c">Área Lingüística General</subfield>
  </datafield>
  <datafield tag="773" ind1=" " ind2=" ">
    <subfield code="g">3 (2017), 332-341</subfield>
    <subfield code="p">e-AESLA</subfield>
    <subfield code="t">e-AESLA</subfield>
    <subfield code="x">2444-197X</subfield>
  </datafield>
  <datafield tag="856" ind1="4" ind2=" ">
    <subfield code="s">184985</subfield>
    <subfield code="u">http://zaguan.unizar.es/record/60863/files/texto_completo.pdf</subfield>
    <subfield code="y">Versión publicada</subfield>
  </datafield>
  <datafield tag="856" ind1="4" ind2=" ">
    <subfield code="s">51258</subfield>
    <subfield code="u">http://zaguan.unizar.es/record/60863/files/texto_completo.jpg?subformat=icon</subfield>
    <subfield code="x">icon</subfield>
    <subfield code="y">Versión publicada</subfield>
  </datafield>
  <datafield tag="856" ind1="4" ind2="1">
    <subfield code="u">https://cvc.cervantes.es/lengua/eaesla/pdf/03/28.pdf</subfield>
    <subfield code="z">Texto completo de la revista</subfield>
  </datafield>
  <datafield tag="909" ind1="C" ind2="O">
    <subfield code="o">oai:zaguan.unizar.es:60863</subfield>
    <subfield code="p">articulos</subfield>
    <subfield code="p">driver</subfield>
  </datafield>
  <datafield tag="951" ind1=" " ind2=" ">
    <subfield code="a">2023-07-28-11:55:42</subfield>
  </datafield>
  <datafield tag="980" ind1=" " ind2=" ">
    <subfield code="a">ARTICLE</subfield>
  </datafield>
</record>
</collection>